100 Acteurs internationales (en Images) - Statistiques

Statistiques générales
  • Ce quiz a été pris 652 fois
  • Le résultat moyen est 52 sur 100
Statistiques - réponses
Par images Réponse % Correct
Johnny Depp
95%
Will Smith
93%
Leonardo Dicaprio
92%
Tom Cruise
88%
Brad Pitt
87%
Timothée Chalamet
86%
Robert Pattinson
84%
George Clooney
82%
Matt Damon
81%
Morgan Freeman
81%
Bradley Cooper
76%
Daniel Craig
76%
Robert De Niro
76%
Ryan Gosling
76%
Daniel Radcliffe
75%
Tom Hanks
75%
Robert Downey Jr
73%
Sylvester Stallone
73%
Tom Holland
73%
Bruce Willis
71%
Chris Hemsworth
71%
Joaquin Phoenix
71%
Jim Carrey
70%
Keanu Reeves
70%
Cillian Murphy
69%
Zac Effron
67%
Al Pacino
65%
Samuel L.Jackson
65%
Denzel Washington
64%
Hugh Jackman
64%
Robin Williams
64%
Ryan Reynolds
64%
Christian Bale
63%
Orlando Bloom
61%
Chris Evans
60%
Henry Cavill
60%
Rami Malek
59%
Jared Leto
58%
Anthony Hopkins
55%
Ben Affleck
55%
Chris Pratt
55%
Mark Ruffalo
54%
Hugh Grant
53%
Idris Elba
53%
Liam Neeson
53%
Nicolas Cage
53%
Willem Dafoe
53%
Ben Stiller
52%
Jack Nicholson
52%
Tom Hardy
52%
Adrien Brody
51%
Benedict Cumberbatch
51%
Eddy Murphy
51%
Jake Gyllenhaal
51%
John Travolta
50%
Jude Law
49%
Adam Driver
47%
Edward Norton
47%
Heath Ledger
45%
Marlon Brando
44%
Matthew McConaughey
44%
Sean Penn
44%
Mel Gibson
43%
Rowan Atkinson
41%
Elijah Wood
39%
Gary Oldman
39%
Austin Butler
38%
Christoph Waltz
38%
Jeremy Renner
38%
Patrick Dempsey
38%
Sean Connery
38%
Viggo Mortensen
38%
Richard Gere
37%
Russel Crowe
37%
Bryan Cranston
36%
Jesse Eisenberg
35%
Kevin Spacey
35%
Michael Douglas
35%
Mads Mikkelsen
34%
Daniel Day-Lewis
32%
Steve Carell
32%
Colin Firth
31%
Kevin Bacon
31%
Ethan Hawke
30%
Ian McKellen
28%
Michael Keaton
28%
Dustin Hoffman
27%
Kevin Costner
27%
Michael Fassbender
27%
Forest Whitaker
26%
Tommy Lee Jones
26%
Mahershala Ali
24%
Brendan Fraser
23%
Sean Bean
23%
Laurence Fishburne
22%
Paul Dano
21%
Andy Serkis
20%
Donald Sutherland
19%
Sean Astin
15%
Mark Strong
14%
Aucun quiz correspondant
Distribution des résultats
% des personnes avec chaque résultat
Percentile par nombre de réponses
Votre historique - résultats
Vous n’avez pas pris ce quiz